| 000 | 01615nam a2200253Ia 4500 | ||
|---|---|---|---|
| 999 |
_c36635 _d36635 |
||
| 001 | 2555 | ||
| 003 | GE_BSU | ||
| 005 | 20210216141747.0 | ||
| 008 | 181216s2005|||| |||||||||||||| ||geo|| | ||
| 020 | _a9994002244 | ||
| 040 | _cGE_BSU | ||
| 041 | _ageo | ||
| 080 | _a342.7 კ–77 | ||
| 100 |
_aკორკელია, კონსტანტინე _9539 |
||
| 245 |
_aსაქართველოს კანონმდებლობის შესაბამისობა ადამიანის უფლებათა ევროპული კონვენციისა და მისი ოქმების სტანდარტებთან / _cკონსტანტინე კორკელია, ნანა მჭედლიძე, ალექსანდრე ნალბანდოვი ; ევროპის საბჭოს საინფორმ. ბიურო საქართველოში. |
||
| 264 |
_aთბილისი : _bბაკურ სულაკაურის გამ–ბა, _c2003 |
||
| 300 |
_a559 გვ. _b23 სმ. |
||
| 653 | _aსაქართველოს კანონმდებლობა | ||
| 653 | _aადამიანის უფლებები | ||
| 653 | _aადამიანის უფლებათა ევროპული კონვენცია | ||
| 700 |
_aმჭედლიძე, ნანა _eავტორი _910128 |
||
| 700 |
_aნალბანდოვი, ალექსანდრე _eავტორი _910129 |
||
| 942 |
_cBK _2udc |
||